000
00294nam a22001217a 4500
082
_a
894.812
_b
POW/H
100
_a
Dr. JOHN POWATHIL
245
_a
HRIDAYAVUM HRIDROGANGALUM KUTTIKALUM MUTHIRNAVARUM
260
_a
ERNAKULAM
_b
PEN BOOKS
300
_a
119
650
_a
HEALTHCARE
_z
KERALA
942
_c
BK
999
_c
999
_d
999